• 首页
  • 本馆介绍
  • 公告通知
  • 最新文献
  • 馆藏检索
  • 电子资源
  • 读者导购
  • 参考咨询
  • 我的图书馆
  • 登录
  • 详细信息显示
  • 放入我的书架
  • 预约/预借图书
  • 作者相关作品
  • 分类相关作品
  • 丛书相关作品
  • 出版社相关作品

书目信息

  • 表格格式
  • 工作单格式
  • 卡片格式
题名:
羽毛球技术图解
    
 
作者: ;何阳 , 李大霞 译 ;《羽毛球》杂志 编
分册:  
出版信息: 北京   人民体育出版社  2002
页数: 169页
开本: 20cm
丛书名:
单 册:
中图分类: G847.19
科图分类:
主题词: 羽毛球运动--运动技术
电子资源:
ISBN: 7-5009-2276-0
000 00806nam0 2200241 45
001 012002059751
005 20050224162930.2
010    @a7-5009-2276-0@dCNY11.00
100    @a20020729d2002 em y0chiy0110 ea
101 1  @achi@cjpn
102    @aCN@b110000
105    @aa z 000yy
200 1  @a羽毛球技术图解@Ayu mao qiu ji shu tu jie@f(日)《羽毛球》杂志编@F(Ri)《Yu Mao Qiu》Za Zhi Bian@g何阳,李大霞译
210    @a北京@c人民体育出版社@d2002
215    @a169页@c图@d20cm
330    @a本书包括羽毛球运动简介、基本技术、实战技术、日常训练、在实战中有效地发挥技术等内容。
606 0  @a羽毛球运动@x运动技术
690    @aG847.19@v4
702  0 @a何阳@AHe Yang@4译
702  0 @a李大霞@ALi Da Xia@4译
711 02 @a《羽毛球》杂志@4编
801  0 @aCN@bNLC@c20020801
905    @b342609-613@dG847.19@e187@f5
    
    羽毛球技术图解/(日)《羽毛球》杂志编/何阳,李大霞译.-北京:人民体育出版社,2002
    169页:图;20cm
    
    
    ISBN 7-5009-2276-0:CNY11.00
    本书包括羽毛球运动简介、基本技术、实战技术、日常训练、在实战中有效地发挥技术等内容。
●
相关链接 在E读中查询图书 在五车中查询图书 在当当中查询图书 在豆瓣中查询图书


正题名:羽毛球技术图解     索取号:G847.19/187         预约/预借

序号 登录号 条形码 馆藏地/架位号 状态 备注
1 0342609   203426097   第一样本阅览室/ [索取号:G847.19/187] 在馆    
2 0342610   203426104   第四借阅区/ [索取号:G847.19/187] 在馆    
3 0342611   203426113   第四借阅区/ [索取号:G847.19/187] 在馆    
4 0342612   203426122   第四借阅区/ [索取号:G847.19/187] 在馆    
5 0342613   203426131   第四借阅区/ [索取号:G847.19/187] 在馆    
唐山师范学院图书馆 欢迎您!
大连网信软件有限公司© 版权所有